Vista normal
Vista MARC
Entrada Personal Name
Número de registros utilizados en: 1
001 - CONTROL NUMBER
- control field: 6035
003 - CONTROL NUMBER IDENTIFIER
- control field: DLC
005 - DATE AND TIME OF LATEST TRANSACTION
- control field: 20260422152958.0
008 - FIXED-LENGTH DATA ELEMENTS
- fixed length control field: 890518n| acannaab| |n aaa |||
010 ## - LIBRARY OF CONGRESS CONTROL NUMBER
- LC control number: n 88286149
040 ## - CATALOGING SOURCE
- Original cataloging agency: DLC
- Transcribing agency: Mx-PuUPA
- Modifying agency: DLC
- Modifying agency: Mx-PuUPA
- Language of cataloging: spa
- Description conventions: rda
046 ## - SPECIAL CODED DATES
- Birth date: 1944
100 10 - HEADING--PERSONAL NAME
- Personal name: Gilbert, Alan,
- Dates associated with a name: 1944-
374 ## - OCCUPATION
- Occupation: Autor
375 ## - GENDER
- Gender: hombre
377 ## - ASSOCIATED LANGUAGE
- Language code: eng
670 ## - SOURCE DATA FOUND
- Source citation: His Marx's politics, c1981:
- Information found: t.p. (Alan Gilbert)
670 ## - SOURCE DATA FOUND
- Source citation: Must global politics constrain democracy? 1999:
- Information found: CIP t.p. (Alan Gilbert) data sheet (b. 04-24-44) author info. (Ph.D. in government, Harvard Univ., 1974; prof., Graduate School of International Studies, Univ. of Denver; author of: Marx's politics)